The gentleman's miscellany, in verse and prose. Serious, jocose, satyrical, humorous, and diverting : Containing, I. Orpheus, a poem. II. On a lady shifting herself. III. Mr. Prior's epitaph. IV. The answer. V. Dorinda, in imitation of Ovid's corinnc̆oncubitus. VI. Advice to the Hon. Lady -with the character of a religious gamester. VII. The king and the cobler, a tale. VIII. The spectre. A tale. IX. Thoughts on the way to preferment. X. On behaviour in conversation. XI. An epitaph on Mary Hart, who died by taking physick from a quack doctor. XII. Another on a tomb-stone at Edmonton, Latin and English. XIII. Another. XIV. Another on a young woman who died the day she was marry'd. XV. Another. XVI. Another, Latin and English. XVII. Another on Jeremy Strong. XVIII. Another. XIX. Another on Jack Ketch, who was executed at Tyburn. XX. The blacksmith's recreation, or triumphant maid. XXI. An epitaph on Miss N- J-gs. XXII. The wish of the Honourable Miss M-n. XXIII. Answer'd by T.H-, 2d son to the E. of B-. XXIV. A riddle, on a pudding sent to some ladies at Bath, in a Hare's Belly. XXV. On col. L-'s lady. Occasion'd by her wearing a rose in her bosom at Christmas. XXVI. The members to their sovereign. XXVII. Curious maid. A tale. XXVIII. Epilogue, intended to have been spoken by a person introducing an ass on the stage. By Sir Butterfly Maggot, kt.

Bibliographic Details
Main Author: Maggot, Butterfly, Sir
Corporate Author: Gale (Firm)
Format: eBook
Language:English
Subjects:
Online Access:Connect to the full text of this electronic book

MARC

Tag First Indicator Second Indicator Subfields
LEADER 00000cam a2200000 4500
001 in00003840413
005 20190415183136.0
006 m o d
007 cr |n||||||||n
008 880121s1730 enk|||| o 00||||eng c
035 |a (CU-RivES)N30446 
035 |a (Uk-ES)006022411 
035 |a (OCoLC)508116724 
040 |a CU-RivES  |c CU-RivES  |d CU-RivES  |d CStRLIN  |d CU-RivES  |d Cengage Gale  |d UtOrBLW 
050 4 |a AC4  |b .M344 1730 
100 1 |a Maggot, Butterfly,  |c Sir. 
245 1 4 |a The gentleman's miscellany, in verse and prose. Serious, jocose, satyrical, humorous, and diverting :  |b Containing, I. Orpheus, a poem. II. On a lady shifting herself. III. Mr. Prior's epitaph. IV. The answer. V. Dorinda, in imitation of Ovid's corinnc̆oncubitus. VI. Advice to the Hon. Lady -with the character of a religious gamester. VII. The king and the cobler, a tale. VIII. The spectre. A tale. IX. Thoughts on the way to preferment. X. On behaviour in conversation. XI. An epitaph on Mary Hart, who died by taking physick from a quack doctor. XII. Another on a tomb-stone at Edmonton, Latin and English. XIII. Another. XIV. Another on a young woman who died the day she was marry'd. XV. Another. XVI. Another, Latin and English. XVII. Another on Jeremy Strong. XVIII. Another. XIX. Another on Jack Ketch, who was executed at Tyburn. XX. The blacksmith's recreation, or triumphant maid. XXI. An epitaph on Miss N- J-gs. XXII. The wish of the Honourable Miss M-n. XXIII. Answer'd by T.H-, 2d son to the E. of B-. XXIV. A riddle, on a pudding sent to some ladies at Bath, in a Hare's Belly. XXV. On col. L-'s lady. Occasion'd by her wearing a rose in her bosom at Christmas. XXVI. The members to their sovereign. XXVII. Curious maid. A tale. XXVIII. Epilogue, intended to have been spoken by a person introducing an ass on the stage. By Sir Butterfly Maggot, kt. 
264 3 |a London :  |b Printed, and sold by J. Purser, in White-Pryars; and by the booksellers at London and Westminster,  |c 1730. 
300 |a 1 online resource (2 unnumbered pages, 59, 1 unnumbered pages)  
336 |a text  |b txt  |2 rdacontent 
337 |a computer  |b c  |2 rdamedia 
338 |a online resource  |b cr  |2 rdacarrier 
500 |a Sir Butterfly Maggot is a pseudonym. 
500 |a With a half-title. 
510 4 |a Case,  |c 358 
510 4 |a English Short Title Catalog,  |c N30446. 
500 |a Reproduction of original from Cambridge University Library. 
500 |a Electronic resource. 
650 0 |a English poetry  |y 18th century.  |0 http://id.loc.gov/authorities/subjects/sh85043936 
655 7 |a Electronic books.  |2 local 
710 2 |a Gale (Firm)  |0 http://id.loc.gov/authorities/names/no2008071348 
752 |a Great Britain  |b England  |d London. 
856 4 0 |u http://proxy.library.tamu.edu/login?url=http://find.galegroup.com/ecco/infomark.do?contentSet=ECCOArticles&docType=ECCOArticles&bookId=1486400200&type=getFullCitation&tabID=T001&prodId=ECCO&docLevel=TEXT_GRAPHICS&version=1.0&source=library&userGroupName=txshracd2898  |z Connect to the full text of this electronic book  |t 0 
999 f f |s c140ff81-f042-3b60-9e53-451e51ea0895  |i 30c4c167-7569-310a-933d-4043dafd51bf  |t 0 
952 f f |a Texas A&M University  |b College Station  |c Electronic Resources  |d Available Online  |t 0  |e AC4 .M344 1730  |h Library of Congress classification 
998 f f |a AC4 .M344 1730  |t 0  |l Available Online